00325nam a2200121Ia 4500008004100000041000800041082001400049100001900063245004500082260003700127300003200164365000700196240624s9999 xx 000 0 und d aeng a152.4 MAN aMANZ CHARLES C aEMOTIONAL DISCIPLINE THE POWER TO CHOOSE c2003aNew DelhibTata McGrawhill axiii, : 234 : p. : cm. ; 21 cRS